Developing National Species Monitoring for the Aichi Targets (Registro nro. 20842)
[ vista simple ]
| 000 -CABECERA | |
|---|---|
| Campo de control | 01074nam a22002657a 4500 |
| 005 - FECHA Y HORA DE LA ULTIMA TRANSACCION | |
| Campo de control | 20200211164754.0 |
| 008 - ELEMENTOS DE LONGITUD FIJA—INFORMACION GENERAL | |
| Campo de control | 200211b xxu||||| |||| 00| 0 spa d |
| 040 ## - FUENTE DE CATALOGACIÓN | |
| Agencia catalogadora original | CO-BoIAVH |
| Agencia transcriptora | CO-BoIAVH |
| 041 ## - IDIOMA | |
| Código de idioma para texto/pista de sonido o título separado | Inglés |
| 044 ## - PAÍS DE PUBLICACIÓN | |
| País de publicación | Estados Unidos |
| 110 ## - ASIENTO PRINCIPAL--NOMBRE CORPORATIVO | |
| 9 (RLIN) | 102677 |
| Nombre corporativo o de jurisdicción como elemento de entrada | GEO BON Working Group 2 |
| 245 ## - MENCION DE TITULO | |
| Título | Developing National Species Monitoring for the Aichi Targets |
| Mención de responsabilidad | GEO BON y otros colaboradores |
| 260 ## - PUBLICACION, DISTRIBUCION, ETC. (PIE DE IMPRENTA) | |
| Lugar de publicación, distribución, etc. | s.f: |
| Nombre del editor, distribuidor, etc. | GEOBON, |
| Fecha de publicación, distribución, etc. | 2013. |
| 300 ## - DESCRIPCION FISICA | |
| Extensión | 8 páginas, |
| Otros detalles físicos | Fotografías a color, |
| Dimensiones | 29.6 x 21 cm |
| 504 ## - NOTA DE BIBLIOGRAFIA, ETC. | |
| Nota de bibliografía | Referencias (página 8) |
| 650 #0 - ASIENTO SECUNDARIO DE MATERIA - TERMINO TEMATICO | |
| 9 (RLIN) | 276 |
| Término temático o nombre geográfico como elemento de entrada | Biodiversidad |
| Subdivisión general | Conservación |
| 650 #0 - ASIENTO SECUNDARIO DE MATERIA - TERMINO TEMATICO | |
| 9 (RLIN) | 78819 |
| Término temático o nombre geográfico como elemento de entrada | Monitoreo ambiental |
| 650 #0 - ASIENTO SECUNDARIO DE MATERIA - TERMINO TEMATICO | |
| 9 (RLIN) | 102682 |
| Término temático o nombre geográfico como elemento de entrada | Metas AICHI |
| 650 #0 - ASIENTO SECUNDARIO DE MATERIA - TERMINO TEMATICO | |
| 9 (RLIN) | 1843 |
| Término temático o nombre geográfico como elemento de entrada | Protección del medio ambiente |
| 700 ## - ASIENTO SECUNDARIO - NOMBRE PERSONAL | |
| 9 (RLIN) | 102678 |
| Nombre personal | Londoño-Murcia, Maria Cecilia |
| Forma más completa del nombre | Instituto de Investigación de Recursos Biológicos Alexander von Humboldt |
| 710 ## - ASIENTO SECUNDARIO - NOMBRE CORPORATIVO | |
| 9 (RLIN) | 102681 |
| Nombre corporativo o de jurisdicción como elemento de entrada | Council for Scientific and Industrial Research (CSIR) |
| 710 ## - ASIENTO SECUNDARIO - NOMBRE CORPORATIVO | |
| 9 (RLIN) | 102680 |
| Nombre corporativo o de jurisdicción como elemento de entrada | Royal Society for the Protection of Birds |
| 710 ## - ASIENTO SECUNDARIO - NOMBRE CORPORATIVO | |
| 9 (RLIN) | 102679 |
| Nombre corporativo o de jurisdicción como elemento de entrada | German Centre for Integrative Biodiversity Research |
| 942 ## - ELEMENTOS ADICIONALES (KOHA) | |
| Sistema de clasificación | Local |
| Tipo de ítem | Folleto |
| Withdrawn status | Lost status | Sistema de Clasificación | Damaged status | No para préstamo | Colección | Ubicación Permanente | Ubicación actual | Fecha de adquisición | Total Checkouts | Número topográfico | Inventario / Código de Barras | Date last seen | Ejemplar | Price effective from | Forma de adquisición | Tipo de material |
|---|---|---|---|---|---|---|---|---|---|---|---|---|---|---|---|---|
| Local | Hemeroteca | Bogotá | Bogotá | 11/02/2020 | FH-0087 | 044096 | 11/02/2020 | Ej. 1 | 11/02/2020 | Institucional | Folleto |